|
|
|
|
| LEADER |
00964nam a2200241 a 4500 |
| 001 |
c000046854 |
| 003 |
CARM |
| 005 |
00000000000000.0 |
| 008 |
811202s1982 kyu b 00110 eng |
| 019 |
1 |
|
|a 2143741
|5 LACONCORD2021
|
| 020 |
|
|
|a 0813114500 :
|c $15.50
|
| 035 |
|
|
|a (OCoLC)8032057
|5 LACONCORD2021
|
| 050 |
0 |
0 |
|a PR3562
|b .S48 1982
|
| 100 |
1 |
|
|a Shawcross, John T.
|q (John Thomas),
|d 1871-
|
| 245 |
1 |
0 |
|a With mortal voice :
|b the creation of Paradise lost /
|c John T. Shawcross.
|
| 260 |
|
|
|a Lexington, Ky. :
|b University Press of Kentucky,
|c c1982.
|
| 300 |
|
|
|a x, 198 p. ;
|c 23 cm.
|
| 504 |
|
|
|a Includes bibliographical references and index.
|
| 600 |
1 |
0 |
|a Milton, John,
|d 1608-1674.
|t Paradise lost.
|
| 852 |
8 |
|
|b CARM
|h A2:AD38C0
|i B02061
|p 0085019
|f BK
|
| 082 |
0 |
4 |
|a 821/.4
|2 19
|
| 999 |
f |
f |
|i bc9dd1b3-7ca1-5ec5-a89d-2dfb6aa86a19
|s 1e5d6a35-874b-576f-a46a-d126eb2043bf
|
| 952 |
f |
f |
|p Can circulate
|a CAVAL
|b CAVAL
|c CAVAL
|d CARM 1 Store
|e B02061
|f A2:AD38C0
|h Other scheme
|i book
|m 0085019
|